00567nam a2200169Ia 4500008004100000020001600041041001200057082001600069100001700085245004700102260003500149300000800184650001200192942000700204999001500211952017100226221030s9999 xx 000 0 und d a81207135241 aEnglish a105.23bCho aP. N. Chopra 4aThe India You Do Not Knowcby P. N. Chopra bSterling Pub.aNew Delhic2000 a379 aGeneral cBK c7354d7354 pBE 3784g125.00l0o105.23 Chor2024-06-13 00:00:00w2022-10-30yBK003Print4070aMIETLIBbMIETLIBcBL-Academic Block A, FL-2, CUP-21, SH-5, R-5d2001-04-2310HBE